На тихата улица (Запис номер 495219)
[ съкратено ]
| 000 -Лидер | |
|---|---|
| Лидер | 01114nam a2200301 a 4500 |
| 003 - Код на организацията, давaща контролен номер | |
| Код на организацията, даваща контролен номер | BLK |
| 005 - Дата и час на последна редакция | |
| Дата и час на последна редакция | 20250416105528.0 |
| 008 - Елементи от данни с фиксирана дължина | |
| Елементи с фиксирана дължина | 210816b bul|||||r ||||||| ||bul|| |
| 020 ## - Международен стандартен номер на книга ISBN | |
| ISBN | 9786190302148 |
| 040 ## - Източник на каталожния запис | |
| Код на библиотеката | BLK |
| 041 ## - Код за език | |
| Език | Български |
| Език за КДБФ | Български |
| 080 ## - УДК | |
| УДК текст | Американска литература (на САЩ) |
| УДК код | 821.111(73) |
| УДК – определител | -31 |
| УДК – код + определител | 821.111(73)-31 |
| 084 ## - Класификационен индекс по друга класификация | |
| Авторски знак | Но - Н 85 |
| 100 ## - Редна дума - Автор | |
| Автор | Нова Глас, Серафина |
| R(LIN) | 489069 |
| 245 10 - Сведения за заглавието | |
| Заглавие | На тихата улица |
| Авторска отговорност | Серафина Нова Глас ; прев. Теодора Божилчева |
| 257 ## - Страна на издаване | |
| Страна на създаване/издаване | Съединени американски щати |
| 260 ## - Област на издателските данни | |
| Място на издаване | София |
| Име на издателя | Бард |
| Година на издаване | 2023 |
| Печатница | (София : Алианс Принт) |
| 300 ## - Физическа характеристика | |
| Брой страници | 320 с. |
| Размер | 20 см |
| 380 ## - Жанр | |
| Жанр | Худож. лит. |
| 500 ## - Общи забележки | |
| Обща забележка | Ориг. загл.: On A Quiet Street / Seraphina Nova Glass . |
| 700 ## - Други автори (авторска отговорност) | |
| Друг автор | Божилчева, Теодора Методиева |
| Дати, свързани с автора | 1966- |
| 9 (RLIN) | 368435 |
| 852 ## - Местоположение | |
| Сигнатура (форматна) | Цб 320791 |
| Отдел | Хранилище |
| 942 ## - АРТИКУЛИ | |
| Вид на библиотечния документ | Книги |
| Скрит в OPAC | Не |
| Периодичен библиозапис | Да |
| Koha issues (borrowed), all copies | 103 |
| 944 ## - СЪЗДАВАНЕ И РЕДАКЦИЯ на ЗАПИСА | |
| Дата на регистрацията/редакция | Диана Гривева |
| Служител, извършил регистрацията/редакцията | 30529 |
| Номер на служител | Диана Гривева |
| 999 ## - СИСТЕМНИ КОНТРОЛНИ НОМЕРА | |
| Koha biblionumber | 495219 |
| Koha biblioitemnumber | 495219 |
| 999 ## - СИСТЕМНИ КОНТРОЛНИ НОМЕРА | |
| Koha biblioitemnumber | 495219 |
| 999 ## - СИСТЕМНИ КОНТРОЛНИ НОМЕРА | |
| Koha biblioitemnumber | 495219 |
| Код за отписване | Код за изгубен артикул | Източник на класификационната схема | Код за повреда | Код за отдаване | Артикулен № | Име на библиотеката - собственик | Име на библиотеката, в която се намира в момента | Статус (Текущо местоположение) | Дата на вписване в системата | Местоположение - отдел | Цена в лева | Инвентарен номер | Систематично азбучна сигнатура | Баркод | Цена в евро | Служебен тип на артикула | Коз за рестрикции |
|---|---|---|---|---|---|---|---|---|---|---|---|---|---|---|---|---|---|
| Не е изгубен | Universal Decimal Classification | Не е повреден | заемане за дома | 933257 | Регионална библиотека "Любен Каравелов" Русе | Регионална библиотека "Любен Каравелов" Русе | Заемна - подръчен фонд | 2023-08-29 | Заемна - подръчен фонд | 15.99 | 120000892426 | 821-31/Н 85 С | 120000892426 | 8.18 | Книги | ||
| Не е изгубен | Universal Decimal Classification | Не е повреден | заемане за дома | 933258 | Регионална библиотека "Любен Каравелов" Русе | Регионална библиотека "Любен Каравелов" Русе | Заемна - подръчен фонд | 2023-08-29 | Заемна - подръчен фонд | 15.99 | 120000892425 | 821-31/Н 85 С | 120000892425 | 8.18 | Книги | ||
| Не е изгубен | Universal Decimal Classification | Не е повреден | заемане за дома | 933767 | Регионална библиотека "Любен Каравелов" Русе | Регионална библиотека "Любен Каравелов" Русе | Заемна - подръчен фонд | 2023-10-02 | Заемна - подръчен фонд | 19.99 | 120000892934 | 821-31/Н 85 С | 120000892934 | 10.22 | Книги | ||
| Не е изгубен | Universal Decimal Classification | Не е повреден | ползва се в читалня | 937956 | Регионална библиотека "Любен Каравелов" Русе | Регионална библиотека "Любен Каравелов" Русе | Хранилище | 2023-12-22 | Хранилище | 19.99 | 120000896880 | Цб 320791 | 120000896880 | 10.22 | Книги | само за читалня |